000 00584nam a2200229Ia 4500
003 OSt
005 20220924134817.0
006 a|||||r|||| 00| 0
007 ta
008 220923b |||||||| |||| 00| 0 urd d
024 _a287355
037 _cTextual
040 _aARTS
_cARTS
_burd
041 _2urd
_aurd
082 _aLC, 168J4
100 _aWusta Hakim Syed Ali Ahmad Au.
_9209309
245 0 _aTabul Arab
260 _c1954
650 _aMEDICINE
_94387
942 _hLC, 168J4
_cTEXL
_2CC
999 _c438685
_d438685